[Event "Continental Class Ch."]
[Site "Arlington, VA"]
[Date "2010.10.09"]
[Round "4"]
[White "Yanayt, Eugene"]
[Black "Sarkar, Justin"]
[Result "0-1"]
[WhiteElo "2153"]
[BlackElo "2389"]
[PlyCount "62"]
[EventDate "2010.10.??"]
[Source "MonRoi"]

1. d4 Nf6 2. c4 e6 3. g3 d5 4. Nf3 dxc4 5. Qa4+ Nbd7 6. Qxc4 a6 7. Bf4 c5 8.
dxc5 Bxc5 9. b4 b5 10. Qb3 Be7 11. Nc3 Bb7 12. Bg2 Nd5 13. Nd2 N7b6 14. Be3 Qd7
15. Bxb6 Nxc3 16. Nf3 Na4 17. Bd4 Bxf3 18. Qxf3 Bxb4+ 19. Kf1 Rd8 20. e3 Bc3
21. Rd1 O-O 22. Qh5 g6 23. Qh6 e5 24. h4 exd4 25. h5 Qe7 26. e4 Nb2 27. e5 Nxd1
28. Be4 f5 29. exf6 Qxf6 30. f3 Ne3+ 31. Kg1 Ng4 0-1

[Event "Continental Class Ch."]
[Site "Arlington, VA"]
[Date "2010.10.09"]
[Round "4"]
[White "Smarty, Sylvester"]
[Black "Gorman, Dov"]
[Result "0-1"]
[WhiteElo "2096"]
[BlackElo "2285"]
[PlyCount "56"]
[EventDate "2010.10.??"]
[Source "MonRoi"]

1. c4 Nf6 2. g3 g6 3. Bg2 Bg7 4. Nc3 O-O 5. d4 d6 6. e4 c5 7. Nge2 cxd4 8. Nxd4
Nc6 9. Nxc6 bxc6 10. e5 Ng4 11. exd6 exd6 12. O-O Ne5 13. Qa4 Be6 14. b3 Nxc4
15. bxc4 Bxc3 16. Bh6 Bxa1 17. Bxf8 Be5 18. Bh6 d5 19. cxd5 cxd5 20. Be3 Qd6
21. Rc1 h5 22. h4 a5 23. Rd1 Qb4 24. Qc6 Rc8 25. Qa6 Qg4 26. Rxd5 Bxd5 27. Bxd5
Rd8 28. Qxa5 Qd1+ 0-1

[Event "Continental Class Ch."]
[Site "Arlington, VA"]
[Date "2010.10.09"]
[Round "4"]
[White "Betaneli, Alex"]
[Black "Paulina, David"]
[Result "1-0"]
[WhiteElo "2274"]
[BlackElo "2060"]
[PlyCount "107"]
[EventDate "2010.10.??"]
[Source "MonRoi"]

1. e4 c5 2. b3 Nf6 3. e5 Nd5 4. c4 Nc7 5. Bb2 Nc6 6. Nf3 Ne6 7. Be2 g6 8. O-O
Bg7 9. Qc2 b6 10. Qe4 Bb7 11. Nc3 Qb8 12. Nd5 Ncd4 13. Rfe1 Bc6 14. Bd3 Nxf3+
15. Qxf3 Qb7 16. Rab1 Bh6 17. Rbd1 Rc8 18. h4 Bg7 19. Bc3 Nd4 20. Qf4 Bxd5 21.
cxd5 Qxd5 22. Bc4 Ne6 23. Qxf7+ Kxf7 24. Bxd5 Rhf8 25. g3 Ke8 26. Bxe6 dxe6 27.
Kg2 Rd8 28. f4 Kf7 29. d4 cxd4 30. Bxd4 Rd5 31. Rd2 h6 32. Kf3 Rfd8 33. Red1 g5
34. h5 gxf4 35. gxf4 Rg8 36. Be3 Rgd8 37. Ke4 Rxd2 38. Rxd2 Ke8 39. Rxd8+ Kxd8
40. a4 Kd7 41. b4 Kc6 42. b5+ Kc7 43. a5 bxa5 44. Bxa7 Kb7 45. Bc5 Bf8 46. Kd3
Kc7 47. Kc4 Kb7 48. Kb3 Kc7 49. Ka4 Kb7 50. Kxa5 Kc7 51. Ka6 Kb8 52. b6 Ka8 53.
b7+ Kb8 54. Ba7+ 1-0

[Event "Continental Class Ch."]
[Site "Arlington, VA"]
[Date "2010.10.09"]
[Round "5"]
[White "Lenderman, Aleksandr"]
[Black "Paragua, Mark"]
[Result "1-0"]
[WhiteElo "2559"]
[BlackElo "2496"]
[PlyCount "51"]
[EventDate "2010.10.??"]
[Source "MonRoi"]

1. d4 d5 2. c4 c6 3. Nf3 Nf6 4. Nc3 e6 5. Bg5 h6 6. Bh4 dxc4 7. e4 g5 8. Bg3 b5
9. Be2 Nh5 10. Bxb8 Rxb8 11. Ne5 Nf4 12. Nxc6 Qf6 13. O-O Rb6 14. Bf3 g4 15. e5
Qg7 16. Be4 Bd7 17. Nxa7 b4 18. Ne2 Qg5 19. Nxf4 Qxf4 20. Qe2 c3 21. bxc3 bxc3
22. Rab1 Rb2 23. Rxb2 cxb2 24. Bc6 Bxc6 25. Nxc6 Qc1 26. Qa6 1-0

[Event "Continental Class Ch."]
[Site "Arlington, VA"]
[Date "2010.10.09"]
[Round "5"]
[White "Gurevich, Dmitry"]
[Black "Betaneli, Alex"]
[Result "1/2-1/2"]
[WhiteElo "2465"]
[BlackElo "2274"]
[PlyCount "60"]
[EventDate "2010.10.??"]
[Source "MonRoi"]

1. e4 e5 2. Nf3 Nc6 3. d4 exd4 4. Bc4 Bc5 5. c3 Nf6 6. cxd4 Bb4+ 7. Bd2 Bxd2+
8. Nbxd2 d5 9. exd5 Nxd5 10. Qb3 Nce7 11. O-O O-O 12. Rfe1 c6 13. Ne4 Qb6 14.
Nc3 Qxb3 15. Bxb3 Be6 16. Nxd5 Nxd5 17. Ng5 Rfe8 18. Nxe6 fxe6 19. Re2 Rad8 20.
Rae1 Kf7 21. Bxd5 Rxd5 22. Re4 Ra5 23. a3 Rb5 24. R1e2 Rd5 25. f3 Re7 26. Kf2
g6 27. h4 Rd6 28. g3 Red7 29. Re5 Rxd4 30. Rxe6 Rd2 1/2-1/2

[Event "Continental Class Ch."]
[Site "Arlington, VA"]
[Date "2010.10.09"]
[Round "5"]
[White "Kis, Lorand"]
[Black "Perez, Robert"]
[Result "0-1"]
[WhiteElo "2098"]
[BlackElo "2211"]
[PlyCount "82"]
[EventDate "2010.10.??"]
[Source "MonRoi"]

1. d4 Nf6 2. c4 e6 3. Nc3 Bb4 4. e3 c5 5. Bd3 O-O 6. Nf3 cxd4 7. exd4 d5 8. O-O
dxc4 9. Bxc4 b6 10. Qd3 Bb7 11. Re1 Nbd7 12. a3 Bxc3 13. bxc3 Rc8 14. Bd2 Qc7
15. Ba2 Rfd8 16. Qc2 Ng4 17. Bb1 g6 18. h3 Bxf3 19. hxg4 Bxg4 20. Qe4 Bf5 21.
Qh4 h5 22. Bxf5 exf5 23. Re7 Re8 24. Rae1 Rxe7 25. Qxe7 Qc6 26. c4 b5 27. d5
Qb7 28. Bc3 bxc4 29. d6 Rb8 30. Qe3 Qb3 31. Qd4 f6 32. Re7 Qb5 33. Rxd7 Qxd7
34. Qxf6 Kh7 35. Qd4 Qf7 36. Ba5 Qd7 37. Bc3 Rf8 38. f4 Qb7 39. d7 Qb6 40. Qxb6
axb6 41. Bf6 c3 0-1

[Event "Continental Class Ch."]
[Site "Arlington, VA"]
[Date "2010.10.09"]
[Round "5"]
[White "Aaron, Deepak"]
[Black "Smarty, Sylvester"]
[Result "1-0"]
[WhiteElo "2177"]
[BlackElo "2096"]
[PlyCount "69"]
[EventDate "2010.10.??"]
[Source "MonRoi"]

1. e4 c5 2. Nf3 d6 3. d4 cxd4 4. Nxd4 Nf6 5. Nc3 a6 6. Bc4 e6 7. Bb3 b5 8. O-O
Be7 9. Qf3 Qc7 10. Qg3 O-O 11. Bh6 Ne8 12. Rfe1 Kh8 13. Bg5 Nf6 14. Rad1 Bd7
15. a3 Nc6 16. Nde2 Rab8 17. f4 b4 18. axb4 Rxb4 19. Bxf6 Bxf6 20. Kh1 Bc8 21.
f5 Be5 22. Qf3 Kg8 23. Rf1 Qe7 24. fxe6 fxe6 25. Nd5 Rxf3 26. Nxe7+ Nxe7 27.
gxf3 Rb6 28. Nd4 Ng6 29. Bxe6+ Bxe6 30. Nxe6 Rxb2 31. f4 Bc3 32. Rxd6 a5 33.
Rc6 Bb4 34. Rc7 Bf8 35. f5 1-0

[Event "Continental Class Ch."]
[Site "Arlington, VA"]
[Date "2010.10.09"]
[Round "5"]
[White "Zenyuk, Iryna"]
[Black "De Fotis, Gary"]
[Result "1-0"]
[WhiteElo "2271"]
[BlackElo "2129"]
[PlyCount "99"]
[EventDate "2010.10.??"]
[Source "MonRoi"]

1. d4 Nf6 2. c4 e6 3. Nc3 Bb4 4. Bg5 c5 5. d5 d6 6. e3 Bxc3+ 7. bxc3 h6 8. Bh4
g5 9. Bg3 e5 10. Bd3 e4 11. Bc2 Qe7 12. h4 Rg8 13. hxg5 hxg5 14. Ne2 Nbd7 15.
Qb1 b6 16. Qb5 Bb7 17. a4 a5 18. Rb1 O-O-O 19. Kd2 Rh8 20. Rhe1 Ne8 21. Kc1 f5
22. Kb2 Nc7 23. Qb3 Ba6 24. Ka1 Kb7 25. f3 Ka7 26. Ng1 Rb8 27. fxe4 fxe4 28.
Nh3 Ne8 29. Rf1 Rf8 30. Rxf8 Nxf8 31. Rf1 Ng7 32. Nxg5 Qxg5 33. Bxd6 Nd7 34.
Bxb8+ Kxb8 35. Rf7 Kc8 36. Rf4 Qxg2 37. Rxe4 Kd8 38. Qb1 Qd2 39. Kb2 Nf5 40.
Qg1 Nd6 41. Qg8+ Kc7 42. Qg3 Bxc4 43. Rxc4 Qxd5 44. Rh4 Ne5 45. Rh7+ Kc6 46.
Qg7 Qd2 47. Qc7+ Kd5 48. e4+ Kc4 49. Rh3 b5 50. Qxd6 1-0

[Event "Continental Class Ch."]
[Site "Arlington, VA"]
[Date "2010.10.10"]
[Round "6"]
[White "Yang, Darwin"]
[Black "Gurevich, Dmitry"]
[Result "1/2-1/2"]
[WhiteElo "2402"]
[BlackElo "2465"]
[PlyCount "57"]
[EventDate "2010.10.??"]
[Source "MonRoi"]

1. d4 Nf6 2. c4 a6 3. f3 c5 4. d5 b5 5. e4 d6 6. a4 bxc4 7. Bxc4 g6 8. Ne2 Bg7
9. O-O O-O 10. Be3 Nbd7 11. Nec3 Rb8 12. Rf2 Ne5 13. Na3 Nfg4 14. fxg4 Nxg4 15.
Qc1 Nxe3 16. Qxe3 Bd4 17. Qd2 f5 18. Kh1 Bxf2 19. Qxf2 fxe4 20. Qe2 e3 21. b3
Rf5 22. Qxe3 Qf8 23. Rg1 Re5 24. Qd2 Qf6 25. Nc2 Rf5 26. Ne3 Rh5 27. Re1 Bd7
28. Nf1 Re5 29. Rxe5 1/2-1/2

[Event "Continental Class Ch."]
[Site "Arlington, VA"]
[Date "2010.10.10"]
[Round "6"]
[White "Paragua, Mark"]
[Black "Aaron, Deepak"]
[Result "1-0"]
[WhiteElo "2496"]
[BlackElo "2177"]
[PlyCount "71"]
[EventDate "2010.10.??"]
[Source "MonRoi"]

1. d4 d5 2. c4 c6 3. Nf3 Nf6 4. e3 a6 5. Bd3 Bg4 6. Nbd2 Nbd7 7. Qc2 e6 8. b3
Be7 9. O-O Bh5 10. Bb2 Bg6 11. e4 O-O 12. e5 Ne8 13. Bxg6 hxg6 14. cxd5 cxd5
15. Rac1 Nb6 16. Qd3 Nc7 17. a4 Qd7 18. Nb1 Nc8 19. Ba3 Na7 20. Qe3 Nc6 21.
Bxe7 Nxe7 22. Ng5 Nf5 23. Qh3 Nh6 24. Rc3 Rac8 25. Rfc1 b5 26. Qd3 bxa4 27.
bxa4 Na8 28. Qxa6 Rxc3 29. Nxc3 Qe7 30. Nf3 Nf5 31. Nb5 Qb4 32. h3 Kh7 33. Rc8
Nh4 34. Nxh4 Rxc8 35. Qxc8 Qxa4 36. Nf3 1-0

[Event "Continental Class Ch."]
[Site "Arlington, VA"]
[Date "2010.10.10"]
[Round "6"]
[White "Zapata, Alonso"]
[Black "Williams, Justus"]
[Result "1-0"]
[WhiteElo "2488"]
[BlackElo "2155"]
[PlyCount "71"]
[EventDate "2010.10.??"]
[Source "MonRoi"]

1. e4 c5 2. Nf3 e6 3. d4 cxd4 4. Nxd4 a6 5. Nc3 Qc7 6. g3 Bb4 7. Nde2 Nc6 8.
Bg2 Nf6 9. O-O Be7 10. Nf4 d6 11. Nd3 Bd7 12. f4 h5 13. h3 Nd4 14. Be3 Nb5 15.
Ne2 d5 16. e5 Ng8 17. f5 Nh6 18. fxe6 fxe6 19. Nef4 Nf5 20. Bf2 Rh6 21. Nxh5
O-O-O 22. g4 Nh4 23. Bxh4 Bxh4 24. Nxg7 Bc6 25. Nh5 Qh7 26. Ndf4 Qh8 27. a4 Nc7
28. Qd4 Rg8 29. b4 Rg5 30. b5 axb5 31. axb5 Bxb5 32. Qc5 Bc6 33. Nxe6 Qxe5 34.
Rf8+ Kd7 35. Rf7+ Kc8 36. Ra8+ 1-0

[Event "Continental Class Ch."]
[Site "Arlington, VA"]
[Date "2010.10.10"]
[Round "6"]
[White "Betaneli, Alex"]
[Black "Sarkar, Justin"]
[Result "0-1"]
[WhiteElo "2274"]
[BlackElo "2389"]
[PlyCount "118"]
[EventDate "2010.10.??"]
[Source "MonRoi"]

1. d4 Nf6 2. c4 e6 3. Nf3 d5 4. Nc3 Bb4 5. Bg5 h6 6. Bxf6 Qxf6 7. Qb3 c5 8.
dxc5 Na6 9. cxd5 Bxc3+ 10. Qxc3 Qxc3+ 11. bxc3 exd5 12. e3 Nxc5 13. Bb5+ Ke7
14. Ke2 Be6 15. Bd3 Rac8 16. Rhc1 Bg4 17. h3 Bxf3+ 18. gxf3 Nxd3 19. Kxd3 Rc4
20. Rab1 b6 21. Rb5 Ra4 22. Rc2 Rh4 23. Rxd5 Rd8 24. c4 Rxh3 25. f4 h5 26. Rxd8
Kxd8 27. Ke4 h4 28. c5 b5 29. Kf5 Rh1 30. Kg4 Kc7 31. c6 f5+ 32. Kxf5 Rg1 33.
f3 h3 34. Rh2 Rg3 35. Ke4 Kxc6 36. f5 b4 37. Kd4 Rxf3 38. e4 a5 39. Rc2+ Rc3
40. Re2 Rg3 41. Rh2 a4 42. Kc4 Rg4 43. Rxh3 Rxe4+ 44. Kd3 Kd5 45. Rg3 Re7 46.
Rg5 Ke5 47. f6+ Kxf6 48. Rb5 b3 49. axb3 axb3 50. Rxb3 g5 51. Rb1 g4 52. Rb5
Kg6 53. Kd2 Kh6 54. Ra5 Re6 55. Rb5 g3 56. Ra5 g2 57. Ra1 Rg6 58. Rg1 Kh5 59.
Ke2 Kh4 0-1

[Event "Continental Class Ch."]
[Site "Arlington, VA"]
[Date "2010.10.10"]
[Round "6"]
[White "Perez, Robert"]
[Black "Gorman, Dov"]
[Result "0-1"]
[WhiteElo "2211"]
[BlackElo "2285"]
[PlyCount "74"]
[EventDate "2010.10.??"]
[Source "MonRoi"]

1. e4 c5 2. Nf3 d6 3. Bb5+ Nd7 4. c4 Ngf6 5. Nc3 g6 6. O-O Bg7 7. d4 cxd4 8.
Nxd4 O-O 9. Bxd7 Bxd7 10. Qe2 Rc8 11. b3 a6 12. Bb2 e6 13. Rfd1 Qc7 14. a4 Rfd8
15. Rd2 Be8 16. Re1 Qb6 17. Qd1 Nd7 18. Nce2 Nc5 19. Nc1 Bh6 20. Nf3 Bxd2 21.
Qxd2 e5 22. Re3 Qc6 23. Qc2 b5 24. axb5 axb5 25. Ne2 bxc4 26. bxc4 Na4 27. Ba1
Qxc4 28. Qd2 Qc2 29. Qe1 Rb8 30. Qf1 Rb1 31. Ne1 Qd1 32. Ng3 Rxa1 33. h4 Qd2
34. h5 Nc3 35. Qc4 Rxe1+ 36. Rxe1 Qxe1+ 37. Kh2 Nb5 0-1

[Event "Continental Class Ch."]
[Site "Arlington, VA"]
[Date "2010.10.10"]
[Round "6"]
[White "Gutman, Joshua"]
[Black "Savage, Allan"]
[Result "0-1"]
[WhiteElo "2167"]
[BlackElo "2145"]
[PlyCount "85"]
[EventDate "2010.10.??"]
[Source "MonRoi"]

1. d4 g6 2. c4 Bg7 3. Nf3 d6 4. Nc3 Nd7 5. e4 e5 6. Bg5 f6 7. Be3 Nh6 8. dxe5
dxe5 9. h3 c6 10. b4 Qe7 11. c5 Nf7 12. Bc4 Nf8 13. b5 Ne6 14. bxc6 bxc6 15.
Qa4 Bd7 16. Rd1 O-O 17. O-O Kh8 18. Qa6 Be8 19. Na4 f5 20. exf5 gxf5 21. Rfe1
f4 22. Bd4 Neg5 23. Nxg5 Qxg5 24. Ba1 f3 25. g3 Qf5 26. h4 Bd7 27. Bf1 Bf6 28.
Qd3 Rad8 29. Qxf5 Bxf5 30. Bc4 Rxd1 31. Rxd1 Nh6 32. Rd6 Ng4 33. Be6 Bxe6 34.
Rxe6 Rb8 35. Nc3 Rd8 36. Rd6 Kg7 37. Ne4 Rb8 38. Rd1 Rb5 39. Bc3 Be7 40. Nd6
Rxc5 41. Nf5+ Kf6 42. Nd6 Bxd6 43. Rxd6+ 0-1

[Event "Continental Class Ch."]
[Site "Arlington, VA"]
[Date "2010.10.10"]
[Round "7"]
[White "Sarkar, Justin"]
[Black "Paragua, Mark"]
[Result "0-1"]
[WhiteElo "2389"]
[BlackElo "2496"]
[PlyCount "120"]
[EventDate "2010.10.??"]
[Source "MonRoi"]

1. d4 d5 2. c4 c6 3. Nf3 Nf6 4. Nc3 dxc4 5. a4 e6 6. e3 c5 7. Bxc4 Nc6 8. O-O
cxd4 9. exd4 Be7 10. Bg5 O-O 11. Qd2 Bd7 12. Rad1 Nb4 13. Ne5 Bc6 14. Nxc6 bxc6
15. Bxf6 Bxf6 16. Na2 Nd5 17. b4 Qd6 18. b5 cxb5 19. axb5 Rfd8 20. Rfe1 Nb6 21.
Be2 Bxd4 22. Bf3 Rac8 23. Rc1 Rxc1 24. Rxc1 Qxh2+ 25. Kxh2 Be5+ 26. Kh3 Rxd2
27. Nb4 Rb2 28. Nc6 Rxb5 29. Nxa7 Rb3 30. Nc6 Bf4 31. Rd1 g6 32. Rd8+ Kg7 33.
Nd4 Rb2 34. Ne2 Bc7 35. Re8 Nd5 36. g3 Bb6 37. Rb8 Nf6 38. g4 Nd7 39. Rb7 Ne5
40. Kg2 Nd3 41. Kf1 Kf6 42. Bc6 Nxf2 43. Be8 Nxg4 44. Rxf7+ Kg5 45. Rxh7 Ne3+
46. Ke1 Nf5 47. Rh3 e5 48. Ra3 Be3 49. Kd1 Bc5 50. Ra6 Ne3+ 51. Ke1 Bb4+ 52.
Kf2 Ng4+ 53. Kf1 Nh2+ 54. Kf2 Bc5+ 55. Ke1 Nf3+ 56. Kf1 Rb1+ 57. Kg2 Nh4+ 58.
Kh3 Rb3+ 59. Ng3 Bf2 60. Ra3 Rxa3 0-1

[Event "Continental Class Ch."]
[Site "Arlington, VA"]
[Date "2010.10.10"]
[Round "7"]
[White "Savage, Allan"]
[Black "Ostrovskiy, Aleksandr"]
[Result "1/2-1/2"]
[WhiteElo "2145"]
[BlackElo "2243"]
[PlyCount "81"]
[EventDate "2010.10.??"]
[Source "MonRoi"]

1. f4 d5 2. Nf3 Nf6 3. g3 g6 4. Bg2 Bg7 5. O-O O-O 6. d3 c6 7. c3 Nbd7 8. Kh1
Re8 9. d4 Ne4 10. Nbd2 Nd6 11. e4 dxe4 12. Ng5 Nf6 13. Ngxe4 h5 14. Nf2 Be6 15.
Qe2 Qc8 16. Re1 Bd5 17. Nf3 a5 18. Ne5 Qf5 19. c4 Bxg2+ 20. Kxg2 Qc8 21. Bd2
Nf5 22. Bc3 Rd8 23. Rad1 e6 24. Ne4 Nxe4 25. Qxe4 Qc7 26. Kg1 Rac8 27. b3 b6
28. Rd3 Rd6 29. Red1 Rcd8 30. Kf2 Kh7 31. Nf3 c5 32. d5 Bxc3 33. Rxc3 Qb7 34.
Rcd3 exd5 35. Rxd5 Rxd5 36. Ng5+ Kg7 37. Rxd5 Rxd5 38. cxd5 Qd7 39. Qe5+ f6 40.
Ne6+ Kf7 41. Qb8 1/2-1/2

[Event "Continental Class Ch."]
[Site "Arlington, VA"]
[Date "2010.10.10"]
[Round "7"]
[White "Bodek, Michael"]
[Black "Gulamali, Kazim"]
[Result "0-1"]
[WhiteElo "2207"]
[BlackElo "2344"]
[PlyCount "66"]
[EventDate "2010.10.??"]
[Source "MonRoi"]

1. e4 e5 2. Nf3 Nc6 3. Bb5 a6 4. Bxc6 dxc6 5. O-O Bg4 6. h3 Bh5 7. d3 Bd6 8.
Nbd2 Ne7 9. Re1 c5 10. Nf1 Nc6 11. Ng3 Bg6 12. Bg5 Be7 13. Be3 h5 14. Qd2 h4
15. Ne2 Qd7 16. Nc3 f6 17. Nd5 Bf7 18. Nxe7 Qxe7 19. Kh1 O-O-O 20. Qc3 Nd4 21.
Ng1 b6 22. Rad1 Kb7 23. a4 a5 24. f3 Be6 25. Ne2 Qd7 26. b3 Bxh3 27. gxh3 Qxh3+
28. Kg1 Nxf3+ 29. Kf2 Nh2 30. Bxc5 Ng4+ 31. Kg1 Qh2+ 32. Kf1 h3 33. Nf4 Qxf4+
0-1

[Event "Continental Class Ch."]
[Site "Arlington, VA"]
[Date "2010.10.10"]
[Round "7"]
[White "Aaron, Deepak"]
[Black "Betaneli, Alex"]
[Result "1/2-1/2"]
[WhiteElo "2177"]
[BlackElo "2274"]
[PlyCount "90"]
[EventDate "2010.10.??"]
[Source "MonRoi"]

1. e4 e5 2. Nf3 Nc6 3. Bc4 Bc5 4. c3 Nf6 5. d3 a6 6. Nbd2 Ba7 7. h3 O-O 8. O-O
d6 9. Bb3 Be6 10. Re1 Bxb3 11. axb3 h6 12. Nf1 d5 13. Qe2 dxe4 14. dxe4 Qd7 15.
Be3 Bxe3 16. Qxe3 Rad8 17. N1d2 Nh5 18. Nc4 Qe6 19. Nh4 b5 20. Nd2 Ne7 21. Ndf3
Nf4 22. Qa7 g5 23. Nf5 Nxf5 24. exf5 Qxf5 25. Nxe5 Rfe8 26. Ng4 Rxe1+ 27. Rxe1
Ne2+ 28. Kh1 Kg7 29. Qxc7 Re8 30. Ne3 Qxf2 31. Rf1 Ng3+ 32. Qxg3 Qxe3 33. Qc7
Re7 34. Qc8 Qe6 35. Qc5 Rd7 36. c4 Qe4 37. Qf2 Qd4 38. Qe2 b4 39. Rc1 Qc5 40.
Ra1 Rd6 41. Rf1 Rf6 42. Rxf6 Kxf6 43. Qc2 Kg7 44. Kh2 h5 45. Kh1 a5 1/2-1/2

[Event "Continental Class Ch."]
[Site "Arlington, VA"]
[Date "2010.10.10"]
[Round "7"]
[White "Black Jr, James"]
[Black "Francisco, Richard"]
[Result "0-1"]
[WhiteElo "1963"]
[BlackElo "2222"]
[PlyCount "84"]
[EventDate "2010.10.??"]
[Source "MonRoi"]

1. d4 f5 2. Nc3 Nf6 3. Bg5 d5 4. Bxf6 exf6 5. e3 Be6 6. Bd3 Nc6 7. a3 Bd6 8.
Qf3 Qd7 9. Nge2 O-O-O 10. O-O-O Ne7 11. Kb1 c6 12. Nc1 Kb8 13. b4 a5 14. N3a2
axb4 15. axb4 Kc7 16. Nb3 Ra8 17. c3 b6 18. Rd2 Ra3 19. Rb2 Rha8 20. Nac1 Kd8
21. g3 Nc8 22. Qe2 Qf7 23. Qf3 g6 24. h4 h5 25. Ne2 Qa7 26. Nec1 Ke7 27. Qd1
Kf7 28. Kc2 Bf8 29. Ne2 Nd6 30. Nf4 Ra2 31. Qb1 Nc4 32. Rxa2 Qxa2+ 33. Qxa2
Rxa2+ 34. Kd1 Rxf2 35. Bxc4 dxc4 36. Nd2 Bd5 37. Rh3 Bg2 38. Rh2 Bf3+ 39. Nxf3
Rxf3 40. Ke2 Rxg3 41. Kf2 Rg4 42. Kf3 Bd6 0-1

[Event "Continental Class Ch."]
[Site "Arlington, VA"]
[Date "2010.10.10"]
[Round "7"]
[White "Smarty, Sylvester"]
[Black "Perez, Robert"]
[Result "1/2-1/2"]
[WhiteElo "2096"]
[BlackElo "2211"]
[PlyCount "94"]
[EventDate "2010.10.??"]
[Source "MonRoi"]

1. c4 Nf6 2. g3 e6 3. Bg2 d5 4. d4 dxc4 5. Qa4+ Nbd7 6. Qxc4 c5 7. Nf3 a6 8.
Qc2 cxd4 9. Nxd4 e5 10. Nb3 Bd6 11. O-O O-O 12. Rd1 Qe7 13. Nc3 h6 14. Na5 Rb8
15. Nc4 Bc7 16. Ne3 Nb6 17. a4 Be6 18. a5 Nbd7 19. Nf5 Qb4 20. Nd5 Nxd5 21.
Bxd5 Bxd5 22. Rxd5 Nf6 23. Rd1 Rfc8 24. Ra4 Bxa5 25. Qxc8+ Rxc8 26. Rxb4 Bxb4
27. Be3 Kh7 28. Rd3 Rc2 29. Rb3 a5 30. Kf1 Nd5 31. Ba7 e4 32. Ne3 Rc1+ 33. Kg2
Ne7 34. Bb6 h5 35. f3 f5 36. h4 g6 37. Bd4 Rb1 38. Nc2 Nc6 39. Bf6 exf3+ 40.
exf3 Kg8 41. Nxb4 axb4 42. Rd3 Kf7 43. Bh8 Kg8 44. Bf6 Kf7 45. Bh8 Ke6 46. Re3+
Kd7 47. g4 fxg4 1/2-1/2

[Event "Continental Class Ch."]
[Site "Arlington, VA"]
[Date "2010.10.10"]
[Round "7"]
[White "Pillai, Kadhir"]
[Black "De Fotis, Gary"]
[Result "1/2-1/2"]
[WhiteElo "1991"]
[BlackElo "2129"]
[PlyCount "49"]
[EventDate "2010.10.??"]
[Source "MonRoi"]

1. e4 c5 2. Nf3 d6 3. d4 cxd4 4. Nxd4 Nf6 5. Nc3 a6 6. Be2 e5 7. Nb3 Be7 8. O-O
O-O 9. f4 b5 10. Be3 Bb7 11. Bf3 Nbd7 12. a3 Rc8 13. Nd2 Nb6 14. Kh1 Nc4 15.
Nxc4 Rxc4 16. Be2 Rc8 17. Bf3 Qc7 18. Qe1 Rfe8 19. fxe5 dxe5 20. Qf2 Qc4 21.
Be2 Qe6 22. Bf3 Rc4 23. Be2 Rcc8 24. Bf3 Rc4 25. Be2 1/2-1/2

[Event "Continental Class Ch."]
[Site "Arlington, VA"]
[Date "2010.10.11"]
[Round "8"]
[White "Zapata, Alonso"]
[Black "Kacheishvili, Giorgi"]
[Result "0-1"]
[WhiteElo "2488"]
[BlackElo "2568"]
[PlyCount "62"]
[EventDate "2010.10.??"]
[Source "MonRoi"]

1. e4 c6 2. d4 d5 3. Nc3 dxe4 4. Nxe4 Bf5 5. Ng3 Bg6 6. h4 h6 7. Nf3 Nd7 8. h5
Bh7 9. Bd3 Bxd3 10. Qxd3 e6 11. Bf4 Ngf6 12. O-O-O Qa5 13. Kb1 Be7 14. c4 O-O
15. Qe2 Rad8 16. Rd3 Rfe8 17. Rb3 c5 18. Rxb7 Qa6 19. Rb5 cxd4 20. Nxd4 e5 21.
Bxe5 Bc5 22. Nf3 Qc8 23. b4 a6 24. Rxc5 Nxc5 25. bxc5 Ng4 26. Re1 Nxe5 27. Nxe5
f6 28. f4 fxe5 29. fxe5 Rd4 30. Qe3 Qb8+ 31. Qb3 Rd3 0-1

[Event "Continental Class Ch."]
[Site "Arlington, VA"]
[Date "2010.10.11"]
[Round "8"]
[White "Santarius, Erik"]
[Black "Sarkar, Justin"]
[Result "0-1"]
[WhiteElo "2249"]
[BlackElo "2389"]
[PlyCount "80"]
[EventDate "2010.10.??"]
[Source "MonRoi"]

1. e4 c5 2. b3 Nc6 3. Bb2 Nf6 4. e5 Nd5 5. Nf3 d6 6. Bb5 Qb6 7. Bc4 Nf4 8. exd6
Nxg2+ 9. Kf1 Nf4 10. Ng5 Nd8 11. Qf3 Qxd6 12. Nc3 a6 13. Ne2 Nfe6 14. Ne4 Qc7
15. Rg1 Qxh2 16. N4g3 Ng5 17. Qe3 Qh3+ 18. Ke1 f6 19. Nf4 Qd7 20. Ngh5 Qd6 21.
Nd5 Nde6 22. a4 Nd4 23. Kd1 Be6 24. Rxg5 fxg5 25. Bxd4 Bg4+ 26. Kc1 cxd4 27.
Qxg5 Bxh5 28. Qxh5+ g6 29. Qf3 O-O-O 30. Kb2 Bg7 31. Qf7 Bf6 32. Re1 Rdf8 33.
Nxe7+ Kd8 34. Qd5 Qxd5 35. Nxd5 Bg5 36. Re6 Re8 37. Rd6+ Kc8 38. a5 Rd8 39.
Nb6+ Kc7 40. Re6 Rhe8 0-1

[Event "Continental Class Ch."]
[Site "Arlington, VA"]
[Date "2010.10.11"]
[Round "8"]
[White "Ostrovskiy, Aleksandr"]
[Black "Enkhbat, Tegshsuren"]
[Result "1-0"]
[WhiteElo "2243"]
[BlackElo "2384"]
[PlyCount "95"]
[EventDate "2010.10.??"]
[Source "MonRoi"]

1. e4 c6 2. d4 d5 3. Nc3 dxe4 4. Nxe4 Bf5 5. Ng3 Bg6 6. h4 h6 7. Nf3 Nd7 8. h5
Bh7 9. Bd3 Bxd3 10. Qxd3 e6 11. Bf4 Qa5+ 12. Bd2 Bb4 13. Ne4 Bxd2+ 14. Nfxd2
Ngf6 15. Nd6+ Ke7 16. Nxb7 Qb4 17. Qb3 Qxd4 18. O-O-O Rab8 19. Qa3+ c5 20. Na5
Rhc8 21. f3 Ne5 22. Rhe1 Rc7 23. g3 Ned7 24. Ndc4 Qf2 25. Qd3 Qxg3 26. Ne5 Qf4+
27. Kb1 Ke8 28. Nac6 Rb6 29. Qd6 Rcxc6 30. Nxc6 Qxd6 31. Rxd6 Nxh5 32. Red1
Nhf6 33. Nxa7 Rb7 34. Nc6 Nd5 35. Rd3 c4 36. Ra3 N5b6 37. Ra6 e5 38. a4 Nc8 39.
Ra8 Rc7 40. Nb4 Ke7 41. Rc6 Kd8 42. Raa6 Rb7 43. Rxc4 Ncb6 44. Rc3 Nb8 45. Nc6+
Nxc6 46. Rxc6 Nd7 47. Ra8+ Ke7 48. a5 1-0

[Event "Continental Class Ch."]
[Site "Arlington, VA"]
[Date "2010.10.11"]
[Round "8"]
[White "Francisco, Richard"]
[Black "Gorman, Dov"]
[Result "1-0"]
[WhiteElo "2222"]
[BlackElo "2285"]
[PlyCount "87"]
[EventDate "2010.10.??"]
[Source "MonRoi"]

1. e4 c5 2. Nf3 d6 3. d4 cxd4 4. Nxd4 Nf6 5. Nc3 g6 6. Be3 Bg7 7. f3 Nc6 8. Qd2
O-O 9. Bc4 Bd7 10. h4 Qc7 11. Bb3 Na5 12. h5 Nc4 13. Bxc4 Qxc4 14. O-O-O Rfc8
15. g4 b5 16. hxg6 fxg6 17. Qh2 Qf7 18. Nd5 Bh8 19. Rd2 Rc4 20. Qh6 Rac8 21. b3
Nxd5 22. exd5 Rc3 23. Ne2 R3c7 24. Bd4 e5 25. dxe6 Bxe6 26. Bxh8 Kxh8 27. Qf4
Qe7 28. Nd4 Bd7 29. Rdh2 h5 30. Rxh5+ gxh5 31. Rxh5+ Kg8 32. Rg5+ Kh8 33. Qh2+
Qh7 34. Rh5 Qxh5 35. Qxh5+ Kg7 36. f4 Rc5 37. f5 Kf6 38. Qh6+ Ke5 39. Qe3+ Kd5
40. Qd2 Ke4 41. Qd3+ Kf4 42. Qf3+ Ke5 43. Qe3+ Kd5 44. g5 1-0

[Event "Continental Class Ch."]
[Site "Arlington, VA"]
[Date "2010.10.11"]
[Round "8"]
[White "Shibut, Macon"]
[Black "Smarty, Sylvester"]
[Result "1-0"]
[WhiteElo "2235"]
[BlackElo "2096"]
[PlyCount "67"]
[EventDate "2010.10.??"]
[Source "MonRoi"]

1. e4 c5 2. c3 d5 3. exd5 Qxd5 4. d4 Nf6 5. Nf3 Bg4 6. dxc5 Qxc5 7. Na3 a6 8.
Be3 Qc7 9. Qa4+ Nbd7 10. O-O-O e5 11. h3 Be6 12. Ng5 Bd5 13. Be2 h6 14. Nf3 b5
15. Qc2 Bxa2 16. g4 Bxa3 17. bxa3 Bc4 18. Rhe1 Rc8 19. Bxc4 Qxc4 20. Nxe5 Nxe5
21. Bd4 O-O 22. Bxe5 Nd5 23. Re4 Qc6 24. Rd3 Rfe8 25. Rg3 Nb6 26. g5 hxg5 27.
Rxg5 f6 28. Rxg7+ Kxg7 29. Rg4+ Kf7 30. Qg6+ Ke7 31. Qg7+ Ke6 32. Qxf6+ Kd5 33.
Rd4+ Kc5 34. Bd6+ 1-0